<?xml version="1.0" encoding="UTF-8"?>
<collection xmlns="http://www.loc.gov/MARC21/slim">
 <record>
  <leader>00852nam a22002175a 4500</leader>
  <controlfield tag="001">EUN.um026227</controlfield>
  <controlfield tag="003">AR-BaUNS</controlfield>
  <controlfield tag="005">20050623122903.0</controlfield>
  <controlfield tag="008">041125s1967####mx#a##########000#0#spa#d</controlfield>
  <datafield tag="245" ind1="1" ind2="0">
   <subfield code="a">Ecología /</subfield>
   <subfield code="c">Eugene P. Odum.</subfield>
  </datafield>
  <datafield tag="260" ind1=" " ind2=" ">
   <subfield code="a">México :</subfield>
   <subfield code="b">Interamericana,</subfield>
   <subfield code="c">1967.</subfield>
  </datafield>
  <datafield tag="300" ind1=" " ind2=" ">
   <subfield code="a">618 p. :</subfield>
   <subfield code="b">ilus. ;</subfield>
   <subfield code="c">24,5 cm.</subfield>
  </datafield>
  <datafield tag="100" ind1="1" ind2=" ">
   <subfield code="a">Odum, Eugene P.</subfield>
  </datafield>
  <datafield tag="082" ind1="0" ind2="4">
   <subfield code="a">574.5</subfield>
  </datafield>
  <datafield tag="250" ind1=" " ind2=" ">
   <subfield code="a">3. ed.</subfield>
  </datafield>
  <datafield tag="859" ind1=" " ind2=" ">
   <subfield code="a">Ar-BaUNS</subfield>
   <subfield code="b">BIB. CENTRAL - Sector B</subfield>
   <subfield code="h">574.5</subfield>
   <subfield code="i">Od8-1</subfield>
   <subfield code="p">50801/969</subfield>
  </datafield>
  <datafield tag="859" ind1=" " ind2=" ">
   <subfield code="a">Ar-BaUNS</subfield>
   <subfield code="b">BIB. CENTRAL - Sector B</subfield>
   <subfield code="h">574.5</subfield>
   <subfield code="i">Od8-1</subfield>
   <subfield code="p">54199/969</subfield>
   <subfield code="t">Ej.6</subfield>
  </datafield>
  <datafield tag="859" ind1=" " ind2=" ">
   <subfield code="a">Ar-BaUNS</subfield>
   <subfield code="b">BIB. CENTRAL - Sector B</subfield>
   <subfield code="h">574.5</subfield>
   <subfield code="i">Od8-1</subfield>
   <subfield code="p">68255/974</subfield>
   <subfield code="t">Ej.8</subfield>
  </datafield>
  <datafield tag="859" ind1=" " ind2=" ">
   <subfield code="a">Ar-BaUNS</subfield>
   <subfield code="b">BIB. CENTRAL - Sector B</subfield>
   <subfield code="h">574.5</subfield>
   <subfield code="i">Od8-1</subfield>
   <subfield code="p">68252/974</subfield>
   <subfield code="t">Ej.9</subfield>
  </datafield>
  <datafield tag="859" ind1=" " ind2=" ">
   <subfield code="a">Ar-BaUNS</subfield>
   <subfield code="b">BIB. CENTRAL - Sector B</subfield>
   <subfield code="h">574.5</subfield>
   <subfield code="i">Od8-1</subfield>
   <subfield code="p">68251/974</subfield>
   <subfield code="t">Ej.10</subfield>
  </datafield>
  <datafield tag="859" ind1=" " ind2=" ">
   <subfield code="a">Ar-BaUNS</subfield>
   <subfield code="b">BIB. CENTRAL - Sector B</subfield>
   <subfield code="h">574.5</subfield>
   <subfield code="i">Od8-1</subfield>
   <subfield code="p">85208/980</subfield>
   <subfield code="t">Ej.13</subfield>
  </datafield>
 </record>
</collection>
